000 01580cam a2200277 4500500
005 20251228051050.0
041 _afre
042 _adc
100 1 0 _aFonseca, Christiane
_eauthor
245 0 0 _aLe dernier feu de l’année de Colette
260 _c2023.
500 _a32
520 _aDans ce passage de « Sido », Colette déploie toute sa sensibilité poétique pour suggérer les différentes facettes du dernier feu de l’année : il évoque le soleil printanier qui fait jaillir les fleurs dans la nature ; il fait surgir dans sa mémoire son enfance sauvage et silencieuse ; enfin, il éclaire le sourire mélancolique de son amie et la beauté de son corps qu’elle dénude sous les flammes qui dansent joyeusement.
520 _aIn this passage from Sido, Colette applies all of her poetic talent to suggest the various facets of the last fire of the year. It evokes the spring sunshine that causes flowers to spring from the earth; it brings back the memory of her wild, wordless childhood; and finally, it illuminates her friend’s melancholy smile, and the beauty of her nude body, beside the joyfully dancing flames.
690 _aColette
690 _aEnfant
690 _aFeu
690 _aFlammes
690 _aFleurs
690 _aPrintemps
690 _aSilence
690 _aSoleil
690 _aViolettes
786 0 _nCahiers jungiens de psychanalyse | 158 | 2 | 2023-12-08 | p. 111-113 | 0984-8207
856 4 1 _uhttps://shs.cairn.info/revue-cahiers-jungiens-de-psychanalyse-2023-2-page-111?lang=fr&redirect-ssocas=7080
999 _c1581315
_d1581315